Memorial de Isla Negra

Gorde:
Xehetasun bibliografikoak
Egile nagusia: Neruda, Pablo
Formatua: Liburua
Hizkuntza:Undetermined
Argitaratua: Buenos Aires, Argentina Losada 1978
Edizioa:4
Gaiak:
Etiketak: Etiketa erantsi
Etiketarik gabe, Izan zaitez lehena erregistro honi etiketa jartzen!

MARC

LEADER 00000nam a2200000Ia 4500
008 170316s9999 xx 000 0 und d
040 |a cru BVZT 
090 |a 860 N-5m 
100 |a Neruda, Pablo 
245 |a Memorial de Isla Negra 
250 |a 4 
260 |a Buenos Aires, Argentina 
260 |b Losada 
260 |c 1978 
300 |a 287 páginas 
650 |a LITERATURA LATINOAMERICANA 
999 |c 9009  |d 9009 
942 |c 15 D  |h 860 N-5m  |2 z